Entry Personal Name
Number of records used in: 2
001 - CONTROL NUMBER
003 - CONTROL NUMBER IDENTIFIER
005 - DATE AND TIME OF LATEST TRANSACTION
- control field:
20160701152204.0
008 - FIXED-LENGTH DATA ELEMENTS
- fixed length control field:
160701|| aca||aabn | a|a d
040 ## - CATALOGING SOURCE
- Original cataloging agency:
OSt
- Transcribing agency:
OSt
100 ## - HEADING--PERSONAL NAME
- Personal name:
Sharma Dr.PC
670 ## - SOURCE DATA FOUND
- Source citation:
Work cat.: (OSt): Sharma Dr.PC, A Text book of production Engineering, 2014